000
00294nam a2200121Ia 4500
008
190216s9999||||xx |||||||||||||| ||und||
100
_a
Loney S L
245
4
_a
The Elements Of Coordinate Geometry
260
_b
Magmillan &co Ltd
_c
1965
300
_a
228p
650
_a
Mathematics
942
_c
BK
999
_c
30494
_d
30494